Statistiques concernant QA #03 - Personnages de la Reine des neiges par temps d'écran

Cliquez ici pour prendre le quiz!

Statistiques générales

  • Ce quiz a été pris 498 fois
  • Le résultat moyen est 6 sur 16

Statistiques - réponses

Characters% Correct
Elsa
100%
Anna
98%
Olaf
96%
Sven
81%
Kristoff
69%
Hans
64%
Duc de Weselton
17%
Reine Iduna
13%
Mattias
9%
Bulda
8%
Roi Agnarr
8%
Marshmallow
7%
Bruni
5%
Kai
5%
Courant d'air
3%
Nokk
3%

Distribution des résultats

Percentile par nombre de réponses

% des personnes avec chaque résultat

Votre développement - résultats

Vous n’avez pas pris ce quiz